• 首页
  • 本馆介绍
  • 公告通知
  • 最新文献
  • 馆藏检索
  • 电子资源
  • 读者导购
  • 参考咨询
  • 我的图书馆
  • 登录
  • 详细信息显示
  • 放入我的书架
  • 预约/预借图书
  • 作者相关作品
  • 分类相关作品
  • 丛书相关作品
  • 出版社相关作品

书目信息

  • 表格格式
  • 工作单格式
  • 卡片格式
题名:
师生互动论
    
 
作者: 佐斌 著
分册:  
出版信息: 武汉   华中师范大学出版社  2002
页数: 250页
开本: 20cm
丛书名: 心理学研究系列
单 册:
中图分类: G441
科图分类:
主题词: 课堂教学--ke tang jiao xue--教学心理学--研究
电子资源:
ISBN: 7-5622-2602-4
000 00981nam2 2200253 450
001 CAL 010090000397
005 20070729101804.21
010    @a7-5622-2602-4@dCNY16.00
100    @a20030424d2002 em y0chiy0121 ea
101 0  @achi
102    @aCN@b420000
105    @aak z 000yy
200 1  @a师生互动论@Ashi sheng hu dong lun@e课堂师生互动的心理学研究@f佐斌著
210    @a武汉@c华中师范大学出版社@d2002
215    @a250页@c图@d20cm
225 2  @a心理学研究系列@Axin li xue yan jiu xi lie@f刘华山主编
330    @a本书从心理学角度, 提示了课堂情境中师生互动的基本特点和规律, 探讨了课堂师生互动的主要影响因素的作用和性质, 为课堂教学和相关教育实践提供了一定的理论启示和实际建议。
410  0 @12001 @a心理学研究系列
517 1  @a课堂师生互动的心理学研究@Ake tang shi sheng hu dong de xin li xue yan jiu
606 0  @a课堂教学@Ake tang jiao xue@x教学心理学@x研究
690    @aG441@v4
701  0 @a佐斌@Azuo bin@4著
801  0 @aCN@bWHC@c20070729
905    @a10447@dG441@e174
    
    师生互动论:课堂师生互动的心理学研究/佐斌著.-武汉:华中师范大学出版社,2002
    250页:图;20cm.-(心理学研究系列/刘华山主编)
    
    
    ISBN 7-5622-2602-4:CNY16.00
    本书从心理学角度, 提示了课堂情境中师生互动的基本特点和规律, 探讨了课堂师生互动的主要影响因素的作用和性质, 为课堂教学和相关教育实践提供了一定的理论启示和实际建议。
●
相关链接 在E读中查询图书 在五车中查询图书 在当当中查询图书 在豆瓣中查询图书


正题名:师生互动论     索取号:G441/174         预约/预借

序号 登录号 条形码 馆藏地/架位号 状态 备注
1 0784042   207840425   第一样本阅览室/ [索取号:G441/174] 在馆    
2 0784043   207840434   第四借阅区/ [索取号:G441/174] 在馆    
3 0784044   207840443   第四借阅区/ [索取号:G441/174] 在馆    
4 0784045   207840452   第四借阅区/ [索取号:G441/174] 在馆    
5 0784046   207840461   第四借阅区/ [索取号:G441/174] 在馆    
6 0784047   207840470   第四借阅区/ [索取号:G441/174] 在馆    
7 0784048   207840489   第四借阅区/ [索取号:G441/174] 在馆    
8 0784814   207848141   第四借阅区/ [索取号:G441/174] 在馆    
唐山师范学院图书馆 欢迎您!
大连网信软件有限公司© 版权所有